00556nam a22001817a 450000500170000001000150001702000260003203500140005803700090007208200090008110000100009024500570010025000060015726000350016327001220019830000200032070000340034020260128144344.0 aENG-147688 a9789358043983c195.00 aEN-131220 bDBAD 21aN aPlato aCratylus/cPlato [and] Translated By Benjamin Jowett a1 aEast DelhibPharos Booksc2023 aPlot No. -63 Main Mother Dairy Road Pandav Nagar, East DelhibEast Delhie110092k011-403958555msales@pharosbooks.in a168p.c21cm(pb) aJowett, Benjamin eTranslator